|
|
|
|
| LEADER |
00000nab a2200000ua 4500 |
| 001 |
vtls010772146 |
| 003 |
SK-MaSNL |
| 005 |
20260303151757.0 |
| 008 |
230222s xo |||||||||||||||||slo| |
| 035 |
|
|
|a (urnnbn)urn:nbn:sk:snk:ar-0032ni
|
| 035 |
|
|
|a (uuid)90d27806-374e-4042-9152-58f72c1e7711
|
| 035 |
|
|
|a urn:nbn:sk:snk-ab41na
|
| 040 |
|
|
|a SNKBUCL
|b slo
|c SNKBUCL
|e AACR2
|
| 041 |
0 |
|
|a slo
|
| 044 |
|
|
|a xo
|c SK
|
| 100 |
1 |
|
|a Horecký, Ján,
|d 1920-2006
|4 aut
|9 105131
|
| 245 |
1 |
0 |
|a Za marxistickú jazykovedu.
|c Ján Horecký
|
| 773 |
0 |
|
|t Slovenská reč : časopis pre výskum slovenského jazyka : orgán Jazykovedného ústavu Ľudovíta Štúra Slovenskej akadémie vied
|g Roč. 16, č. 5 (1950-1951), s. 155-157
|
| 954 |
|
|
|a odborná, vedecká literatúra pôvodná (slovenská)
|2 lita
|
| 958 |
|
|
|a OND
|
| 958 |
|
|
|a EUIPO
|
| 958 |
|
|
|a article3
|
| 999 |
|
|
|c 2019529
|d 2021459
|